| 000 | 00406 a2200169 4500 | ||
|---|---|---|---|
| 001 | 178353 | ||
| 020 | _a | ||
| 040 | _cMagnum | ||
| 100 | _aCarvalho, Andre | ||
| 240 | 1 | 0 |
_aA esperteza de dom sapão / a ave da limpeza _lpor |
| 245 | 1 | 0 | _aA esperteza de dom sapão / a ave da limpeza |
| 300 | _a22 | ||
| 362 | 0 | _a1998 | |
| 440 | 1 | _aArmazém de Idéias | |
| 697 | _aLITERATURA INFANTO | ||
| 942 | _cBK | ||
| 999 |
_c178353 _d178353 |
||